00209nam a2200073Ia 4500082001200000245003000012100005200042008004100094 aAF GRIE 0aIndringer op Dassiedraai  a GRIESSEL, Nita Pretoria, 2003 2de uitgawe 210817s9999 xx 000 0 und d